<?xml version="1.0" encoding="UTF-8"?><record xmlns="http://www.loc.gov/MARC21/slim" xmlns:zs="http://docs.oasis-open.org/ns/search-ws/sruResponse">
  <leader>03378cam a22005535i 4500</leader>
  <controlfield tag="001">23178798</controlfield>
  <controlfield tag="005">20250607122257.3</controlfield>
  <controlfield tag="006">m    |o  d |      </controlfield>
  <controlfield tag="007">cr||||||||||||</controlfield>
  <controlfield tag="008">080815s2007    akuab   obst s000 0 eng  </controlfield>
  <datafield ind1=" " ind2=" " tag="035">
    <subfield code="a">23178798</subfield>
  </datafield>
  <datafield ind1=" " ind2=" " tag="906">
    <subfield code="a">0</subfield>
    <subfield code="b">ibc</subfield>
    <subfield code="c">origcop</subfield>
    <subfield code="d">u</subfield>
    <subfield code="e">ncip</subfield>
    <subfield code="f">20</subfield>
    <subfield code="g">y-gencatlg</subfield>
  </datafield>
  <datafield ind1="0" ind2=" " tag="925">
    <subfield code="a">acquire</subfield>
    <subfield code="e">webarchives</subfield>
    <subfield code="x">policy default</subfield>
  </datafield>
  <datafield ind1=" " ind2=" " tag="010">
    <subfield code="a">  2023691006</subfield>
  </datafield>
  <datafield ind1=" " ind2=" " tag="040">
    <subfield code="a">DLC</subfield>
    <subfield code="b">eng</subfield>
    <subfield code="e">pn</subfield>
    <subfield code="e">rda</subfield>
    <subfield code="c">DLC</subfield>
  </datafield>
  <datafield ind1=" " ind2=" " tag="043">
    <subfield code="a">n-us-ak</subfield>
  </datafield>
  <datafield ind1="0" ind2="0" tag="050">
    <subfield code="a">SH348</subfield>
  </datafield>
  <datafield ind1="1" ind2="4" tag="050">
    <subfield code="a">SK49</subfield>
  </datafield>
  <datafield ind1="0" ind2="0" tag="082">
    <subfield code="a">333.95/65609798</subfield>
    <subfield code="2">22</subfield>
  </datafield>
  <datafield ind1="0" ind2="0" tag="245">
    <subfield code="a">Subsistence salmon harvest monitoring report, Kuskokwim fisheries management area, Alaska, 2004 /</subfield>
    <subfield code="c">by Jim Simon ... [and others].</subfield>
  </datafield>
  <datafield ind1=" " ind2="1" tag="264">
    <subfield code="a">Juneau, Alaska :</subfield>
    <subfield code="b">Alaska Dept. of Fish and Game, Division of Subsistence,</subfield>
    <subfield code="c">[2007]</subfield>
  </datafield>
  <datafield ind1=" " ind2=" " tag="300">
    <subfield code="a">1 electronic resource (iv, 74 pages )</subfield>
  </datafield>
  <datafield ind1=" " ind2=" " tag="336">
    <subfield code="a">text</subfield>
    <subfield code="b">txt</subfield>
    <subfield code="2">rdacontent</subfield>
  </datafield>
  <datafield ind1=" " ind2=" " tag="337">
    <subfield code="a">computer</subfield>
    <subfield code="b">c</subfield>
    <subfield code="2">rdamedia</subfield>
  </datafield>
  <datafield ind1=" " ind2=" " tag="338">
    <subfield code="a">online</subfield>
    <subfield code="b">cr</subfield>
    <subfield code="2">rdacarrier</subfield>
  </datafield>
  <datafield ind1="1" ind2=" " tag="490">
    <subfield code="a">Technical paper ;</subfield>
    <subfield code="v">no. 313</subfield>
  </datafield>
  <datafield ind1=" " ind2=" " tag="500">
    <subfield code="a">"August 2007."</subfield>
  </datafield>
  <datafield ind1=" " ind2=" " tag="500">
    <subfield code="a">PDF acquired via web archiving</subfield>
  </datafield>
  <datafield ind1=" " ind2=" " tag="504">
    <subfield code="a">Includes bibliographical references (pages 30-33).</subfield>
  </datafield>
  <datafield ind1=" " ind2=" " tag="506">
    <subfield code="f">Unrestricted online access</subfield>
  </datafield>
  <datafield ind1=" " ind2=" " tag="520">
    <subfield code="a">This final report documents subsistence salmon harvest estimates for the Kuskokwim Fisheries Management Area for the year 2004, on the basis of surveys in 30 communities along the Kuskokwim River and Kuskokwim Bay, including Nelson Island. Methods used to collect salmon harvest information included household surveys, harvest calendars and postcard surveys. Data include numbers of salmon harvested for subsistence uses, gear used, numbers of salmon used for dog food, and numbers of salmon retained from commercial catches. This salmon harvest monitoring research is to be critical for fisheries managers for their use in planning for adequate salmon escapement and providing continued uses of salmon for subsistence purposes.</subfield>
  </datafield>
  <datafield ind1=" " ind2=" " tag="538">
    <subfield code="a">This item was harvested from the Fish and Game web site: http://www.subsistence.adfg.state.ak.us/TechPap/tp313.pdf  in February 2008 for the Alaska State Publications Program; remote access available via StaticURL.</subfield>
  </datafield>
  <datafield ind1=" " ind2=" " tag="588">
    <subfield code="a">Description based on print version record; resource not viewed.</subfield>
  </datafield>
  <datafield ind1=" " ind2="0" tag="650">
    <subfield code="a">Fishery management</subfield>
    <subfield code="z">Alaska</subfield>
    <subfield code="z">Kuskokwim Bay.</subfield>
  </datafield>
  <datafield ind1=" " ind2="0" tag="650">
    <subfield code="a">Fishery management</subfield>
    <subfield code="z">Alaska</subfield>
    <subfield code="z">Kuskokwim River.</subfield>
  </datafield>
  <datafield ind1=" " ind2="0" tag="650">
    <subfield code="a">Pacific salmon fisheries</subfield>
    <subfield code="z">Alaska</subfield>
    <subfield code="z">Kuskokwim Bay.</subfield>
  </datafield>
  <datafield ind1=" " ind2="0" tag="650">
    <subfield code="a">Pacific salmon fisheries</subfield>
    <subfield code="z">Alaska</subfield>
    <subfield code="z">Kuskokwim River.</subfield>
  </datafield>
  <datafield ind1=" " ind2="0" tag="650">
    <subfield code="a">Subsistence fishing</subfield>
    <subfield code="z">Alaska</subfield>
    <subfield code="z">Kuskokwim Bay.</subfield>
  </datafield>
  <datafield ind1=" " ind2="0" tag="650">
    <subfield code="a">Subsistence fishing</subfield>
    <subfield code="z">Alaska</subfield>
    <subfield code="z">Kuskokwim River.</subfield>
  </datafield>
  <datafield ind1="1" ind2=" " tag="700">
    <subfield code="a">Simon, James J.</subfield>
  </datafield>
  <datafield ind1="1" ind2=" " tag="710">
    <subfield code="a">Alaska.</subfield>
    <subfield code="b">Department of Fish and Game.</subfield>
    <subfield code="b">Division of Subsistence.</subfield>
  </datafield>
  <datafield ind1="0" ind2="8" tag="776">
    <subfield code="i">Print version:</subfield>
    <subfield code="t">Subsistence salmon harvest monitoring report, Kuskokwim fisheries management area, Alaska, 2004</subfield>
    <subfield code="d">Juneau, Alaska : Alaska Dept. of Fish and Game, Division of Subsistence, [2007]</subfield>
    <subfield code="w">(DLC)  2008397066</subfield>
  </datafield>
  <datafield ind1=" " ind2="0" tag="830">
    <subfield code="a">Technical paper (Alaska. Department of Fish and Game. Division of Subsistence) ;</subfield>
    <subfield code="v">no. 313.</subfield>
  </datafield>
  <datafield ind1="4" ind2="0" tag="856">
    <subfield code="d">gdcebookspublic</subfield>
    <subfield code="f">2023691006</subfield>
    <subfield code="u">https://hdl.loc.gov/loc.gdc/gdcebookspublic.2023691006</subfield>
  </datafield>
  <datafield ind1="4" ind2="1" tag="856">
    <subfield code="3">Table of contents only</subfield>
    <subfield code="u">http://www.loc.gov/catdir/toc/fy1001/2008397066.html</subfield>
  </datafield>
  <datafield ind1="4" ind2="1" tag="856">
    <subfield code="u">http://library.state.ak.us/asp/edocs/2008/02/ocn213355744.pdf</subfield>
  </datafield>
  <datafield ind1=" " ind2=" " tag="985">
    <subfield code="a">gdc/scd</subfield>
  </datafield>
  <datafield ind1=" " ind2=" " tag="985">
    <subfield code="a">gdc/usgovdigresources</subfield>
  </datafield>
  <datafield ind1=" " ind2=" " tag="985">
    <subfield code="a">gdc/webarchpdf</subfield>
  </datafield>
</record>
